00942nam a2200229 a 4500001001000000003000500010005001700015008004100032010001100073011001100084040000900095100003700104245016700141260004100308500006000349502013600409650002600545650002800571650002500599650001800624856007000642000108722CHAP20220329144022.0140306s2012 mx a |sm |||||||spa|d a105184 a106156 cCHAP1 aMartínez Díaz, Paola Lizbeth10aDiseño de una planta embotelladora de agua purificada y formulación de bebidas endulzadas con edulcorantesh[En línea]cpor Paola Lizbeth Martínez Díaz. aChapingo, Méx. :bEl autor,c2012. aPara ver el contenido del material haga clic en la liga aTesis (M.C. en Ingeniería Agrícola y Uso Integral del Agua) -- UACH. Posgrado en Ingeiería Agrícola y Uso Integral del Agua14aAguaxPurificación.14aBebidasxElaboración.14aDiseño industrial.14aEdulcorantes. aFinding aiduhttp://10.13.5.2/tesis/sist108722.pdfzTeclea aquí